Krajiny V4 pri vstupe do Európskej únie reštrukturalizačné procesy v bankovníctve krajín V4
Význam dobre fungujúceho bankového systému vo vývoji ekonomiky. Inštitucionálna stránka transformácie bankového sektora krajín V4 (Česko, Slovensko, Maďarsko, Poľsko). Charakteristika bankového systému jednotlivých krajín V4. Proces ozdravenia bankového sektora krajín V4.
Salvato in:
| Autore principale: | |
|---|---|
| Altri autori: | |
| Natura: | Capitolo di libro |
| Lingua: | slovacco |
| Soggetti: | |
| Tags: |
Nessun Tag, puoi essere il primo ad aggiungerne!!
|
MARC
| LEADER | 00000naa$a2200000$$$4500 | ||
|---|---|---|---|
| 001 | 0005693 | ||
| 005 | 20240502071349.7 | ||
| 041 | 0 | |a slo | |
| 044 | |a SK | ||
| 245 | 1 | 0 | |a Krajiny V4 pri vstupe do Európskej únie |b reštrukturalizačné procesy v bankovníctve krajín V4 |c aut. Božena Chovancová, Martin Svitek |
| 520 | |a Význam dobre fungujúceho bankového systému vo vývoji ekonomiky. Inštitucionálna stránka transformácie bankového sektora krajín V4 (Česko, Slovensko, Maďarsko, Poľsko). Charakteristika bankového systému jednotlivých krajín V4. Proces ozdravenia bankového sektora krajín V4. | ||
| 610 | 2 | 0 | |a bankovníctvo |
| 610 | 2 | 0 | |a reštrukturalizácia |
| 610 | 2 | 0 | |a transformácia |
| 610 | 2 | 0 | |a oživenie |
| 610 | 2 | 0 | |a Vyšehradská štvorka |
| 100 | 1 | |a Chovancová, Božena | |
| 700 | 1 | |a Svitek, Martin | |